01490nam a2200397 a 4500008004100000020001800041041000800059100001900067245006300086250004900149260003400198300002200232500010000254653002400354653002500378653002800403653002900431653004900460653003600509653004700545653003100592653002600623653003300649653002300682653003900705653005400744653004400798653001800842653003400860653003800894653001800932653003500950653002700985653004801012653003201060110704s2009 ag ||||f |||| 001 0 spa d a97895012875053 aspa1 aKenny, Anthony aBreve historia de la filosofia occidental /cAnthony Kenny a1a ed. 3a reimp.bTraducción Miguel Candel aBuenos Aires:bPaidos;c2009. a496 p.c23x15 cm. aKenny, A. (2009). Breve historia de la filosofía occidental. (1a ed.). Buenos Aires : Paidos. aFilosofía moderna aAtenas de Sócrates aFisolofía de Platón aSistema de Aristóteles aFilosofía griega posterior a Aristóteles aFilosofía cristiana primitiva aPrimera época de la filosofía medieval aFilosofía del siglo XIII aFilósofos de Oxford aFilosofía del renacimiento aEpoca de Descartes aFilosofía inglesa del siglo XVII aFilosofía continental de la época de Luis XIV aFilosofía británica del siglo XVIII aIlustración aFilosofía crítica de Kant aIdealismo y materialismo alemán aUtilitaristas aTres filósofos del siglo XIX aTres maestros modernos aLógica y fundamentos de las matemáticas aFilosofía de Wittgenstein